Meri dosti tera pyar / (Record no. 45717)
[ view plain ]
| 000 -LEADER | |
|---|---|
| fixed length control field | 01579njm a22003137a 4500 |
| 005 - DATE AND TIME OF LATEST TRANSACTION | |
| control field | 20100914100343.0 |
| 007 - PHYSICAL DESCRIPTION FIXED FIELD--GENERAL INFORMATION | |
| fixed length control field | sd ammalaaahaa |
| 008 - FIXED-LENGTH DATA ELEMENTS--GENERAL INFORMATION | |
| fixed length control field | 100914t xxu||||| |||| 00| 0 hin d |
| 028 ## - PUBLISHER NUMBER | |
| Publisher number | 7EPE 7018 |
| Source | His Master's Voice |
| 035 ## - SYSTEM CONTROL NUMBER | |
| System control number | GR-02322 |
| 040 ## - CATALOGING SOURCE | |
| Original cataloging agency | SED/VEN |
| 100 ## - MAIN ENTRY--PERSONAL NAME | |
| 9 (RLIN) | 19851 |
| Personal name | Mangeshkar, Lata |
| 245 ## - TITLE STATEMENT | |
| Title | Meri dosti tera pyar / |
| Statement of responsibility, etc | by Lata Mangeshkar [and] Mukesh ; music by Mahesh & Naresh ; lyric by prakash Pankaj |
| Medium | [sound recording] : |
| 246 ## - VARYING FORM OF TITLE | |
| Title proper/short title | मेरी दोस्ती तेरा प्यार (लता मंगेशकर ) |
| 260 ## - PUBLICATION, DISTRIBUTION, ETC. (IMPRINT) | |
| Place of publication, distribution, etc | Dum Dum India |
| Name of publisher, distributor, etc | His Master's Voice |
| Date of publication, distribution, etc | 1973 |
| 300 ## - PHYSICAL DESCRIPTION | |
| Extent | 1 sound recording [Gramophone record] : |
| Other physical details | analog, 45/1/3 |
| Dimensions | 7 in. |
| Type of unit | Gramophone Record |
| 500 ## - GENERAL NOTE | |
| General note | Brief Record |
| 500 ## - GENERAL NOTE | |
| General note | His Master's Voice |
| 500 ## - GENERAL NOTE | |
| General note | Orange |
| 500 ## - GENERAL NOTE | |
| General note | Extended Play |
| 505 ## - FORMATTED CONTENTS NOTE | |
| Formatted contents note | Tera naam leke part 1 (Meri dosti tera pyar) (Lata Mangeshkar) तेरा नाम लेके पार्ट १ (मेरी दोस्ती तेरा प्यार ) (लता मंगेशकर ) Ruk ja mere yaar part 2 (Meri dosti tera pyar) (Mahendra Kapoor) रुक जा मेरे यार पार्ट २ (मेरी दोस्ती तेरा प्यार ) (महेंद्र कपूर ) |
| 650 ## - SUBJECT ADDED ENTRY--TOPICAL TERM | |
| Topical term or geographic name as entry element | Clasical Music |
| General subdivision | Excerts |
| Geographic subdivision | India |
| 9 (RLIN) | 19852 |
| Form subdivision | Filmi Song |
| 700 ## - ADDED ENTRY--PERSONAL NAME | |
| 9 (RLIN) | 19876 |
| Personal name | Mahesh & Naresh |
| 700 ## - ADDED ENTRY--PERSONAL NAME | |
| 9 (RLIN) | 19904 |
| Personal name | Prakash Pankaj |
| 700 ## - ADDED ENTRY--PERSONAL NAME | |
| 9 (RLIN) | 19983 |
| 700 ## - ADDED ENTRY--PERSONAL NAME | |
| 9 (RLIN) | 19984 |
| 942 ## - ADDED ENTRY ELEMENTS (KOHA) | |
| Source of classification or shelving scheme | Dewey Decimal Classification |
| Item type | Gramaphone Records |
| Withdrawn status | Lost status | Source of classification or shelving scheme | Damaged status | Not for loan | Collection code | Home library | Current library | Date acquired | Total Checkouts | Barcode | Date last seen | Price effective from | Koha item type |
|---|---|---|---|---|---|---|---|---|---|---|---|---|---|
| Dewey Decimal Classification | Not For Loan | Non-fiction | Central Library | Central Library | 14/09/2010 | GR-02322 | 14/09/2010 | 14/09/2010 | Gramaphone Records |
